000 02222nam a2200505 a 4500
999 _c2965
_d2965
003 AKMAL
005 20170519082403.0
008 170519s2006 my a e | 000 0 eng d
020 _a9833109152 (kkt.):
_cRM25.00
040 _aAKMAL
082 0 4 _a658.048 SAC
_222
090 0 0 _a658.048
_bSAC
100 1 _aSachi Sellasamy
_96199
245 1 0 _aPlanning for excellence :
_bStrategic management for public sector organizations /
_cSachi Sellasamy
260 _aKuala Lumpur :
_bInstitut Tadbiran Awam Negara,
_c2006
300 _aix, 97ms. :
_bill. ;
_c23cm. +
_e1 template CD-ROM
504 _aBibliography : p. 95-96
650 1 0 _aPublic administration
_94050
650 1 0 _aStrategic planning
_96200
942 _2ddc
_cBOOK